[Event "Schwarzach op-C 26th"]
[Site "Schwarzach"]
[Date "2011.08.28"]
[Round "9.4"]
[White "Pali, Philipp"]
[Black "Karschkes, Georg"]
[Result "0-1"]
[WhiteElo "1564"]
[BlackElo "1587"]
[PlyCount "97"]
[EventDate "2011.08.20"]
[EventType "swiss"]
[EventRounds "9"]
[EventCountry "AUT"]
[SourceTitle "EXT 2024"]
[Source "ChessBase"]
[SourceDate "2023.10.10"]
[SourceVersion "1"]
[SourceVersionDate "2023.10.10"]
[SourceQuality "1"]

1. e4 e5 2. Nf3 Nc6 3. d4 exd4 4. Nxd4 Qh4 5. Nc3 Bb4 6. Qd3 Bxc3+ 7. Qxc3 Qxe4+ 8. Be3 Nxd4 9. Qxd4 Qxd4 10. Bxd4 f6 11. Bc4 c6 12. 0-0-0 d5 13. Rhe1+ Kf7 14. Bd3 Bd7 15. Re2 b6 16. b4 Nh6 17. Rde1 Rae8 18. c4 Rxe2 19. Rxe2 Bf5 20. Kd2 Re8 21. Rxe8 Kxe8 22. c5 Bxd3 23. Kxd3 b5 24. Kc2 Kd7 25. Kb3 Ke6 26. a4 a6 27. Be3 Ng4 28. axb5 axb5 29. Kc3 Nxe3 30. fxe3 Ke5 31. Kd3 f5 32. g3 g5 33. h3 h5 34. Kd2 f4 35. exf4+ gxf4 36. g4 hxg4 37. hxg4 Kf6 38. Ke2 Kg5 39. Kf3 d4 40. Ke4 Kxg4 41. Kxd4 Kg3 42. Ke5 f3 43. Kd6 f2 44. Kxc6 f1Q 45. Kb7 Qc4 46. c6 Qxb4 47. c7 Qc5 48. c8Q Qxc8+ 49. Kxc8 0-1